Gál és Társa Kft. marketingtevékenységének elemzése

Bibliographic Details
Main Author: Darányi Viktor
Other Authors: Papp Judit
Format: Thesis
Kulcsszavak:családi vállalkozás
eladás - értékesítés
építőipar - építészet
marketing
nyílászárók
Online Access:http://dolgozattar.uni-bge.hu/60201

MARC

LEADER 00000nta a2200000 i 4500
001 dolg60201
005 20260409150129.0
008 260409suuuu hu om 000 hun d
040 |a BGE Dolgozattár Repozitórium  |b hun 
041 |a hu 
100 1 |a Darányi Viktor 
245 1 0 |a Gál és Társa Kft. marketingtevékenységének elemzése  |c Darányi Viktor  |h [elektronikus dokumentum] 
520 3 |a A szakdolgozatom központi témája egy vállalat marketingtevékenységének átfogó elemzése, amelynek alanya a Gál és Társa Kft., a Galwin nyílászáró rendszerek kizárólagos gyártója. A cég a családi vállalkozásunk beszállítója, amely tevékenységi köre révén személyesen is kapcsolódom a szektorhoz. Gyermekkori környezetem és szakmai tapasztalataim nyomán jelentős ismereteket szereztem a nyílászáró kereskedelemről, és jövőbeli célom, hogy a családi vállalkozás cégvezetőjeként tovább vigyem a családi örökséget. Ezért rendkívül fontosnak tartom a marketingstratégiák alapos megismerését, különös tekintettel arra, hogy a vállalat számára mely marketingcsatornák (online vagy offline) bizonyulnak hatékonyabbnak és jövedelmezőbbnek a piaci versenyben. 
695 |a családi vállalkozás 
695 |a eladás - értékesítés 
695 |a építőipar - építészet 
695 |a marketing 
695 |a nyílászárók 
700 1 |a Papp Judit  |e ths 
856 4 0 |u http://dolgozattar.uni-bge.hu/60201/1/Dar%C3%A1nyi%20Viktor%20%28AJQIF5%29%20-%20Szakdolgozat%20-%20G%C3%A1l%20%C3%A9s%20T%C3%A1rsa%20Kft.%20marketingtev%C3%A9kenys%C3%A9g%C3%A9nek%20elemz%C3%A9se.pdf  |z Dokumentum-elérés 
856 4 0 |u http://dolgozattar.uni-bge.hu/60201/2/DaranyiViktor_kulso_20250526.pdf  |z Dokumentum-elérés 
856 4 0 |u http://dolgozattar.uni-bge.hu/60201/3/DAR%C3%81NYI%20VIKTOR%20BA%20KM%20magyar%20b%C3%ADr%C3%A1lati%20lap%20BELS%C5%90%20%281%29.pdf  |z Dokumentum-elérés